000 00629nam a2200205 4500
001 148943
003 ES-MaACL
005 20240419153317.0
007 t|
008 070214s1973 sp r ||||1| spa d
100 1 _aSupervielle, Jules.
_9108803
245 1 0 _aAntología /
_cJules Supervielle ; versión de Jacinto-Luis Guereña.
250 _a[1ª ed.].
260 _a[Barcelona] :
_bPlaza & Janés,
_c1973 (
_fRigsa)
300 _a195 p. ;
_c19 cm.
500 _aTexto bilingüe.
700 0 _aGuereña, Jacinto Luis,
_d1915-2007
_960460
852 _aES-MaACL
_jC-56069
_bR.88740
999 _c148943
_d148943